Vida religiosa, celibato y equilibrio psíquico

Saved in:
Bibliografiske detaljer
Hovedforfatter: Matignon, Romain (autor)
Format: Bog
Sprog:spansk
Udgivet: Barcelona Nova Terra 1968
Udgivelse:1a. ed
Serier:Colección El Hombre Nuevo, 32
Fag:
Tags: Tilføj Tag
Ingen Tags, Vær først til at tagge denne postø!

MARC

LEADER 00000nam a2200000 a 4500
001 UCK0326
003 CL-VaPUC
008 041001e19680500SP |||||||||||||||||spa|d
082 0 4 |a 248.47  |b MAT  |2 21 
100 |a Matignon, Romain  |e autor  |9 488232 
245 1 0 |a Vida religiosa, celibato y equilibrio psíquico 
250 |a 1a. ed 
300 |a 167 p 
942 |c BK 
945 |d 20041001 00:00:00  |a vberengu 
260 |a Barcelona  |b Nova Terra  |c 1968 
650 0 |a Vocación religiosa  |9 392452 
650 7 |a PRACTICA RELIGIOSA  |2 CL-VaPUC  |9 488233 
650 7 |a CELIBATO  |2 CL-VaPUC  |9 334066 
583 |a last modification  |c 20041001 00:00:00  |k Rodrigo Vera 
490 0 |a Colección El Hombre Nuevo, 32 
999 |c 310794  |d 310792 
952 |0 0  |1 0  |4 0  |6 248_470000000000000_MAT_1968  |7 0  |8 A  |9 379798  |a BIBTEO  |b BIBTEO  |d 2019-11-21  |i 4061888  |o 248.47 MAT 1968  |p 4061888  |r 2025-01-17  |w 2019-11-21  |y BK  |k ICR